000 00693nam a22001817a 4500
999 _c14891
_d14891
003 OSt
082 _2631.3 GOR/AS
088 _aT373
100 _aGORLA GAYATHRI
_93747
245 _aAssessment of Ergonomic Parameters of Rice Transplanters for Women Operators
260 _aTavanur 2017
_bKelappaji College of Agricultural Engineeirng and Technology
300 _a175
500 _aAssessment of Ergonomic Parameters of Rice Transplanters for Women Operators
520 _aAssessment of Ergonomic Parameters of Rice Transplanters for Women Operators
700 _aDr. Bini Sam (Guide)
_93500
856 _uhttps://drive.google.com/open?id=1jNN4JrLFdA_D0FlXD178M0xalxfSgCao
942 _cTH